书目信息 |
| 题名: |
全球建筑设计风潮(下)
|
|
| 作者: | ThinkArchit工作室 主编 | |
| 分册: | 下册 | |
| 出版信息: | 武汉 华中科技大学出版社 2011.07 |
|
| 页数: | 264页 | |
| 开本: | 20cm | |
| 丛书名: | ||
| 单 册: | ||
| 中图分类: | TU206 | |
| 科图分类: | ||
| 主题词: | 建筑设计 | |
| 电子资源: | ||
| ISBN: | 978-7-5609-7264-0 | |
| 000 | 00751nam0 2200229 45 | |
| 001 | 1259308390 | |
| 005 | 20120210172420.50 | |
| 010 | @a978-7-5609-7264-0@dCNY498.00 | |
| 100 | @a20111107d2011 ekmy0 y0120 ea | |
| 102 | @aCN@b130000 | |
| 102 | @aCN@b420000 | |
| 105 | @ay z 000yy | |
| 200 | 1 | @a全球建筑设计风潮(下)@Aquan qiu jian zhu she ji feng chao(xia)@h下册@fThinkArchit工作室主编@FThinkArchit gong zuo shi zhu bian |
| 210 | @a武汉@c华中科技大学出版社@d2011.07 | |
| 210 | @a武汉@c华中理工大学出版社 | |
| 215 | @a264页@d20cm | |
| 606 | 0 | @a建筑设计 |
| 690 | @aTU206@v4 | |
| 701 | 0 | @aThinkArchit工作室@AThinkArchit gong zuo shi@4主编 |
| 801 | 0 | @aCN@b安徽儒林@c20111107 |
| 905 | @a10447@dTU206@eJ3271 | |
| 906 | @cRCJZ@dCNY498.00@n2@r1 | |
| 全球建筑设计风潮(下).下册/ThinkArchit工作室主编.-武汉:华中科技大学出版社,2011.07.-武汉:华中理工大学出版社 |
| 264页;20cm |
| ISBN 978-7-5609-7264-0:CNY498.00 |
| ● |
| 相关链接 |
|
|
|
正题名:全球建筑设计风潮(下)
索取号:TU206/J3271
 
预约/预借
| 序号 | 登录号 | 条形码 | 馆藏地/架位号 | 状态 | 备注 |
| 1 | 483466 | 204834661 | 建筑库101/101建筑库 41排5列1层/ [索取号:TU206/J3271] | 在馆 |